LEADER 01024nam0 22002651i 450 001 UON00004808 005 20231205101906.226 100 $a20020107d1963 |0itac50 ba 101 $aeng 102 $aGB 105 $a|||| 1|||| 200 1 $aXerxes' invasion of Greece$fby C. Hignett 210 $aOxford$cAt the Clarendon Press$d1963 215 $aXII, 496 p.$d23 cm 606 $aIRAN$xSTORIA$xPERIODO ACHEMENIDE$xGUERRE CON LA GRECIA$3UONC001366$2FI 620 $aGB$dOxford$3UONL000029 686 $aIR IV A$cIRAN ANTICO - STORIA - IRAN INTERNO E PERIFERICO$2A 700 1$aHIGNETT$bC.$3UONV004055$0194463 712 $aClarendon Press$3UONV246509$4650 801 $aIT$bSOL$c20240220$gRICA 899 $aSIBA - SISTEMA BIBLIOTECARIO DI ATENEO$2UONSI 912 $aUON00004808 950 $aSIBA - SISTEMA BIBLIOTECARIO DI ATENEO$dSI IR IV A 090 N $eSI IR 598 5 090 N 996 $aXerxes' invasion of Greece$9284574 997 $aUNIOR LEADER 01244nam0 22002771i 450 001 UON00469478 005 20231205105158.72 100 $a20160917f |0itac50 ba 101 $alat 102 $aIT 105 $a|||| ||||| 200 1 $aCompendium aureum$f[Flaccus Africus] 205 $aMicrofilm del manoscritto Kassel$bLandesbibliothek und Murhardsche Bibliothek der Stadt 210 $aSec. 15 215 $aff. 49v-53r. 606 $aErmetismo$3UONC029030$2FI 676 $a189$cFILOSOFIA MEDIEVALE$v21 700 0$aFLACCUS AFRICUS$3UONV232694$0720428 702 0$aHermes : Trismegistus$3UONV138240 801 $aIT$bSOL$c20250620$gRICA 856 4 $uhttp://www.bphv.eu/index.php/bibliotheca-philosophica-virtualis/107-compendium-aureum$zhttp://www.bphv.eu/index.php/bibliotheca-philosophica-virtualis/107-compendium-aureum 899 $aSIBA - SISTEMA BIBLIOTECARIO DI ATENEO$2UONSI$uhttp://www.bphv.eu/index.php/bibliotheca-philosophica-virtualis/107-compendium-aureum 912 $aUON00469478 950 $aSIBA - SISTEMA BIBLIOTECARIO DI ATENEO$dSI F.L.m. 002 $eSI FP 8688 7 996 $aCompendium aureum$91399807 997 $aUNIOR